000 02255nam a2200385 4500
003 EC-UNACH
005 20250515103321.0
006 s||||gr|||| 00| 00
008 150116t9999 mx r gr 000 0 spa d
020 _a9789942963512
040 _aEC-UNACH
_cEC-UNACH
041 _aspa
082 0 4 _223
_a300
_bL017755
110 _aCentro Andino de Acción Popular (CAAP)
245 _aEcuador Debate N°108. La Descentralización en cuestión
250 _aPrimera edición
264 _aQuito – Ecuador
_bCAAP
_c2019
300 _a218 páginas
_bTablas, Gráficos
_c14,5 X 21 cm
505 _aCOYUNTURA.- Ecuador en llamas: el ciclo de conflictividad de Octubre. -- Conflictividad socio política: Julio-Octubre 2019. -- TEMA CENTRAL.- Descentralización, autonomía e identificación regional: el Comité de vialidad del Guayas. -- Descentralización de la planificación del ordenamiento territorial en Ecuador, 2008-2018. -- Economía política de la descentralización y de la recentralización (1986-2016) . -- La descentralización fuera del centro: debates sobre la autonomía territorial en Bolivia (2005-2019). – DEBATE AGRARIO -RURAL.- La descentralización en el Perú: cambios reales o continuidad remozada del centralismo. -- La política agraria en Ecuador 1965-2015. – ANÁLISIS.- ¿Cómo el nuevo orden global inseguritario se manifiesta en América Latina? . -- Los migrantes "invisibles" a la luz pública: transporte público terrestre de Villa Hermosa a la ciudad de México (y viceversa) en los nuevos tiempos de la contención migratoria masiva. -- RESEÑAS.- Añejos libres e indios sueltos. La Moya y sus alrededores. Extractivismos y corrupción. Anatomía de una íntima relación.
650 _aORDENAMIENTO TERRITORIAL
650 _aPOLÍTICA AGRARIA
650 _aMIGRANTES "INVISIBLES"
650 _aLA MOYA- ECUADOR
650 _aINDIOS SUELTOS
700 _aGuerrero, Rafael
700 _aVivanco, Lorena
700 _aRestrepo, Dario
700 _aHerz Sáenz, Carlos
700 _aSánchez Parga, José
942 _2ddc
_c1
999 _c13545